Memorias
Gardado en:
| Autor Corporativo: | |
|---|---|
| Formato: | Texto |
| Publicado: |
Medellín:
s.e.
|
| Etiquetas: |
Engadir etiqueta
Sen Etiquetas, Sexa o primeiro en etiquetar este rexistro!
|
MARC
| LEADER | 00000 a a2200000 04500 | ||
|---|---|---|---|
| 001 | 21783 | ||
| 003 | |||
| 040 | |||
| 090 | |a 097609 | ||
| 110 | |a Unidad Latinoamericana | ||
| 245 | |a Memorias | ||
| 260 | |a Medellín: |b s.e. | ||
| 300 | |a p. irreg. | ||
| 999 | |c 3381 |d 3381 | ||
